000 02527nkm0a2200481 4500
001 RU\NLR\BIBL_A\022721652
005 20260410145344.0
035 _a(NLR Aleph) 022721652
090 _a13650187
_c13650187
100 _a20260206d1916 u y0rusy50 ca
101 0 _arus
102 _aRU
116 _adiybxx xx zz
135 _acrcn 024anaba
181 0 _ab4
_bxb2e
182 0 _an
200 1 _aГраф Уваров
_e[репродукция]
203 _aИзображение
_bнеподвижное
_bдвухмерное
_bвизуальное
_cнепосредственное
210 _aМосква
_cФототипия Шерер, Набгольц и К°
_d[1916]
215 _a1 л.
_cфототипия
_d30,1х22,3
300 _aПод изобр. факс. подписи изобр. лица - источник сведений о заглавии
316 _aЭкз. РНБ на шифре Э МП/3-У181, Э117820: на обороте надпись: Приложение к "Отчету Имп. Росс. Исторического Музея имени Имп. А. III в Москве за 1883 - 1908 гг" М. 1916
_5NLR Э МП/3-У181
325 _aКопия доступна в Электрон. б-ке РНБ
327 0 _aПортрет погрудный, 3/4 влево, руки сложены на груди. В овале
600 1 _aУваров
_bА.С.
_f1825 - 1884
_gАлексей Сергеевич
_jФотографии
_91029151
_3RU\NLR\AUTH\6676808
606 1 _aПортрет русский
_z19 - 20 вв.
_92269639
_3RU\NLR\AUTH\661360413
606 1 _aФототипия
_91928022
_3RU\NLR\AUTH\66880113
686 1 _aЩ103(2Р=Рус)53-475
686 1 _aМ833
702 1 _4570
_7ca
_8rus
_aУваров
_bА.С.
_f1825-1884
_gАлексей Сергеевич
_93229
_3RU\NLR\AUTH\7720161
712 0 0 _4650
_a"Шерер, Набгольц и К°", фототипия
_cМосква
_9764868
_3RU\NLR\AUTH\8810134434
852 0 0 _aNLR
_bЭ
_jМП/3-У181
_mЭ117820
856 0 _uhttps://vivaldi.nlr.ru/le700000645/view
856 1 _uhttps://vivaldi.nlr.ru/le700000645/cover
856 2 _uhttps://vivaldi.nlr.ru/le700000645/text
942 _cVISUAL
980 _aNB
981 1 7 _a(17) Изографические материалы
_b(17) Портреты